| 000 | 00574nam a2200229Ia 4500 | ||
|---|---|---|---|
| 003 | BUBTL | ||
| 008 | 151213s9999 xx 000 0 und d | ||
| 020 | _a978-81-315-1739-0 | ||
| 082 | _a330MAP | ||
| 100 |
_a Mankiw, N.Gregory _9623 |
||
| 245 | _aEconomics of Principles | ||
| 250 | _a6th | ||
| 260 |
_aAndover _bCengage Learning _cc2012 |
||
| 300 |
_a[xxxii],856p. _bills. _c24cm. |
||
| 650 | _aEconomics | ||
| 650 | _aEconomics | ||
| 700 |
_a Mankiw, N.Gregory _9624 |
||
| 760 | _b6th | ||
| 856 |
_k0 _l0 _yDownload |
||
| 942 |
_2ddc _cBK |
||
| 999 |
_c2568 _d2568 |
||